Logo BPK

Biblioteka

Politechniki Koszalińskiej

Normy wykonywania zawodu i etyka zawodowa a badanie sprawozdań finansowych : (Rekord nr 43813)

Szczegóły MARC
000 -ETYKIETA REKORDU
podpole kontrolne o stałej długości 01123nam a2200253 i 4500
001 - NUMER KONTROLNY REKORDU
pole kontrolne bg
020 ## - MIĘDZYNARODOWY ZNORMALIZOWANY NUMER KSIĄŻKI - ISBN
ISBN 8389255049
040 ## - ŹRÓDŁO KATALOGOWANIA
Instytucja, która utworzyła rekord BPK
041 0# - KOD JĘZYKA
Kod języka tekstu pol
080 ## - UNIWERSALNA KLASYFIKACJA DZIESIĘTNA - UKD
UKD 657.62/.63:658.14/.17](07)
920 ## - Międzynarodowy znormalizowany numer książki – ISBN
ISBN 83-89255-04-9
008 - POLE O STAŁEJ DŁUGOŚCI - DANE KONTROLNE
podpole kontrolne o stałej długości s pl f |000 0 pol
245 #0 - TYTUŁ/ODPOWIEDZIALNOŚĆ
Tytuł Normy wykonywania zawodu i etyka zawodowa a badanie sprawozdań finansowych :
Ciąg dalszy tytułu zadania sytuacyjne.
260 ## - STREFA ADRESU WYDAWNICZEGO
Miejsce wydania Warszawa :
Nazwa wydawcy/dystrybutora Krajowa Izba Biegłych Rewidentów,
Data publikacji, dystrybucji/powstania dokumentu 2003.
300 ## - STREFA OPISU FIZYCZNEGO
Objętość 78 s. ;
Rozmiary 24 cm.
505 ## - SFORMALIZOWANA UWAGA DOTYCZĄCA ZAWARTOŚCI
Pełny tekst uwagi Zawiera: Wpływ norm wykonywania zawodu na opinie z badania sprawozdań finansowych / Piotr Łyskawa [et al.]. Niezależność zawodowa / Wiesław Leśniewski. Stosunki wewnętrzne i działalność informacyjna. Wynagrodzenia biegłego rewidenta / Ewa Jakubczyk-Cały.
650 #9 - HASŁO PRZEDMIOTOWE W FORMIE NAZWY OGÓLNEJ LUB JEDNOSTKOWEJ
Nazwa ogólna lub geograficzna Finanse
Określnik ogólny sprawozdawczość
-- kontrola
655 ## - TERMIN INDEKSOWY - OKREŚLENIE RODZAJU/FORMY DOKUMENTU
Określenie rodzaju/formy dokumentu Podręczniki
700 1# - HASŁO DODATKOWE - NAZWA OSOBOWA
Nazwa osobowa ŁYSKAWA, Piotr
700 1# - HASŁO DODATKOWE - NAZWA OSOBOWA
Nazwa osobowa LEŚNIEWSKI, Wiesław
700 1# - HASŁO DODATKOWE - NAZWA OSOBOWA
Nazwa osobowa JAKUBCZYK-CAŁY, Ewa
856 ## - LOKALIZACJA I DOSTĘP DO ELEKTRONICZNYCH DOKUMENTÓW ZDALNYCH
Link (URL) http://koha.tu.koszalin.pl/cgi-bin/koha/opac-detail.pl?biblionumber=43813
Tekst linku Katalog online BPK
942 ## - DODATKOWE ELEMENTY (KOHA)
Typ dokumentu Książka
Egzemplarze
Wycofany Status egzemplarza Uszkodzony Dostępność Lokalizacja stała Lokalizacja bieżąca Miejsce przechowywania Sygnatura Kod kreskowy Dział Typ dokumentu
      Tylko na miejscu Biblioteka Politechniki Koszalińskiej Biblioteka Politechniki Koszalińskiej Czytelnia Wydziałowa ul. Kwiatkowskiego 6e 70141 02156668 657 Rachunkowość Książka
      Dostępny Biblioteka Politechniki Koszalińskiej Biblioteka Politechniki Koszalińskiej Wypożyczalnia BG 70142 02156651   Książka
      Dostępny Biblioteka Politechniki Koszalińskiej Biblioteka Politechniki Koszalińskiej Wypożyczalnia BG 70143 02156644   Książka
© 2023 Biblioteka Politechniki Koszalińskiej :: KOHA